LEADER 02014oam 2200385 450 001 9910158564903321 005 20210112041641.0 010 $a1-5095-0790-6 035 $a(CKB)3710000001010714 035 $a(DLC) 2016029002 035 $a(MiAaPQ)EBC4783901 035 $a(EXLCZ)993710000001010714 100 $a20160622d2016 uy 0 101 0 $aeng 135 $aur||||||||||| 181 $ctxt$2rdacontent 182 $cn$2rdamedia 183 $anc$2rdacarrier 200 10$aWhat journalism could be /$fBarbie Zelizer 210 1$aCambridge, UK ;$aMalden, MA :$cPolity Press,$d2016. 215 $a1 online resource 311 $a1-5095-0786-8 320 $aIncludes bibliographical references and index. 327 $aImagining journalism beginnings -- Definitions of journalism -- Intro Section 1: Cues for considering key tensions in journalism / Barbie Zelizer, Jennifer Henrichsen and Natacha Yazbeck -- On "having been there": "eyewitnessing" as a journalistic key word -- On the shelf life of democracy in journalism scholarship -- When practice is undercut by ethics -- Intro section 2: Cues for considering disciplinary matters / Barbie Zelizer, Jennifer Henrichsen and Natacha Yazbeck -- Journalism and the academy -- Journalism in the service of communication -- When facts, truth, and reality are god-terms: on journalism's uneasy place in cultural studies -- Intro section 3: cues for considering new ways of thinking about journalistic practice / Barbie Zelizer, Jennifer Henrichsen and Natacha Yazbeck -- Journalists as interpretive communities -- The culture of journalism -- When war and conflict are reduced to a photograph -- Endings: thinking temporally about journalism's future. 606 $aJournalism 615 0$aJournalism. 676 $a070.4 700 $aZelizer$b Barbie$01085089 801 0$bDLC 801 1$bDLC 801 2$bDLC 906 $aBOOK 912 $a9910158564903321 996 $aWhat journalism could be$92887616 997 $aUNINA